| 000 | 00610nam a2200205 u 4500 | ||
|---|---|---|---|
| 005 | 20210223131911.0 | ||
| 008 | 121023s2006 r 000 0 eng d | ||
| 020 | _a9780766417090 (13 dígitos) | ||
| 020 | _a0766417093 (10 dígitos) | ||
| 035 | _aUPN01000187940 | ||
| 049 | _aI | ||
| 050 | 4 |
_aQ185 _bM8.2 |
|
| 100 | 1 |
_aMulcahy, Marie _932880 |
|
| 245 | 1 | 0 |
_aCómo observan los científicos / _cMarie Mulcahy. |
| 260 |
_aWaterbury, E.U.A. : _bAbrams & Company, _cc2006. |
||
| 300 |
_a14 p. : _bil. col. |
||
| 650 | 4 |
_aAPARATOS E INSTRUMENTOS CIENTIFICOS _94541 |
|
| 905 | _aInfantil | ||
| 999 |
_c160043 _d160043 |
||